Bioestadística: los métodos estadísticos para la valoración de experimentos biológicos

保存先:
書誌詳細
主要な著者: Bonnier, Gert (著者), Tedin, Olof (著者)
フォーマット: 図書
言語:スペイン語
出版事項: Zaragoza Acribia 1966
主題:
タグ: タグ追加
タグなし, このレコードへの初めてのタグを付けませんか!

MARC

LEADER 00000nam a2200000 a 4500
001 UCZ2491
003 CL-VaPUC
008 951005e19660000SP |||||||||||||||||spa|d
082 0 4 |a 570.72  |b BON  |2 21 
100 0 |a Bonnier, Gert  |e author  |9 346241 
700 0 |a Tedin, Olof  |e author  |9 346242 
245 1 0 |a Bioestadística: los métodos estadísticos para la valoración de experimentos biológicos 
300 |a 223 p 
942 |c BK 
945 |d 19951005 00:00:00  |a awong 
260 |a Zaragoza  |b Acribia  |c 1966 
650 0 |a Estadística matemática  |9 260028 
650 0 |a Análisis estadístico  |9 269506 
650 0 |a Bioestadística  |9 261187 
583 |a last modification  |c 19951005 00:00:00  |k Rodrigo Vera 
999 |c 239074  |d 239072 
952 |0 0  |1 0  |4 0  |6 570_720000000000000_BON_1966  |7 0  |8 A  |9 249886  |a BIBCUR  |b BIBCUR  |d 2019-11-18  |i 3138704  |o 570.72 BON 1966  |p 3138704  |r 2025-04-22  |w 2019-11-18  |y BK  |k BCB